000 00201 a2200097 4500
001 1142
100 _aSmith, A.W
245 _aElectrical measurements
260 _a
_bMcgrawhill
_c
090 _c704
_d704
942 _aNUST-CAE
_cM
_c33645
999 _c236215
_d236215